000
00299nam a22001337a 4500
008
260324b ||||| |||| 00| 0 eng d
020
_a
9789951058131
041
_a
Shqip
080
_a
821.18
100
_a
25
101
_a
Vjersha
245
_a
Posta e Porositur
_c
Mark Krasniqi
942
_2
udc
_c
BK
999
_c
60922
_d
60922